| 000 | 00875nam a22003017a 4500 | ||
|---|---|---|---|
| 001 | BR2012001926 | ||
| 003 | BR-BrBNA | ||
| 005 | 20230928103933.0 | ||
| 007 | ta | ||
| 008 | 230509b bl.||||| |||| 00| 0 por d | ||
| 040 |
_aBR-BrBNA _bpor _cBiblioteca Nacional de Agricultura |
||
| 041 | _a(Eng) | ||
| 072 |
_aF30; H20 _b0210 _b4110 |
||
| 090 | _ 0210 BR2012001926 | ||
| 100 | 1 | _aGalvino, S.B.F. | |
| 110 | 1 |
_aUniversidade Federal de Lavras, MG (Brasil) _0Tese (Doutorado) |
|
| 245 | 1 | _aGenome studies of brazilian isolates of Potato virus Y (PVY) | |
| 260 | 3 |
_aLavras, MG (Brasil): _c2011. |
|
| 300 | _a94p. | ||
| 500 | _aSummaries (Eng, Por); Several bibliography; 8 illus.; 6 tables | ||
| 650 | _aBATATA | ||
| 650 | _aVÍRUS | ||
| 650 | _aESTIRPE | ||
| 650 | _aGENOMA | ||
| 650 | _aIDENTIFICAÇÃO | ||
| 909 |
_a202309 _bLucia _c55 _dLucia Elande |
||
| 942 | _cBK | ||
| 999 |
_c77324 _d77324 |
||